| 000 | 00812nam a2200229 4500 | ||
|---|---|---|---|
| 003 | CO-ViMGA | ||
| 020 | _a978-958-648-587-6 | ||
| 040 |
_aCO-ViMGA _bspa _cCO-ViMGA |
||
| 082 | 0 | 4 |
_a658.8 _bP171c |
| 100 | 1 |
_aPáramo Morales, Dagoberto _99638 |
|
| 245 | 1 | 0 |
_aCultura organizacional & estilos de dirección orientados al mercado / _cDagoberto Páramo Morales, Elías Ramírez Plazas, Alfonso Rodríguez Ramírez. |
| 250 | _a1a. ed. | ||
| 260 |
_aBogotá : _bEcoe Ediciones, _c2008. |
||
| 300 |
_aix, 99 p. ; _b24 cm. |
||
| 490 | _a(Ciencias administrativas. Mercadeo) | ||
| 650 | 1 | 4 |
_a Administración de mercadeo _99639 |
| 650 | 1 | 4 |
_aCultura corporativa _93548 |
| 650 | 1 | 4 |
_aMercadeo _92197 |
| 700 | 1 |
_a Rodríguez Ramírez, Alfonso _97773 |
|
| 700 | 1 |
_aRamírez Plazas, Elías _97772 |
|
| 942 |
_2ddc _cBK |
||
| 999 |
_c37786 _d37786 |
||